| 000 | 00470nam a2200181Ia 4500 | ||
|---|---|---|---|
| 001 | 1308 | ||
| 005 | 20260306143719.0 | ||
| 008 | 260306t2014||||xx |||||||||||||| ||spa|| | ||
| 041 | _aESP | ||
| 082 |
_a193 _bK53 |
||
| 100 |
_aKierkegaard, Soren _eAUT |
||
| 245 | 0 | _aApuntes sobre la filosofía de la revelación de F. W. J. Schelling (1841-1842) | |
| 260 | _c2014 | ||
| 300 |
_a154 páginas : _c23 cm. |
||
| 650 | _aGEN | ||
| 654 | _aCHU | ||
| 942 |
_cLIB _dJUS _fJUS _2ddc _n |
||
| 999 |
_c1308 _d1308 |
||